000 01054cam a2200313 i 4500
999 _c62138
_d62138
001 2800062
005 20240722145436.0
008 810223s1980 gw b 000 0 ger
010 _a 81455497
015 _aGFR***
020 _a3883770221 X
040 _aDLC
_cDLC
_dDLC
043 _ae-gx---
050 0 0 _aPT405
_b.G78 1980
080 _a821.112.1D-55
110 2 _aGruppe 47 (Germany)
_922891
245 0 4 _aDie Gruppe 47 :
_bEin kritischer GrundriB /
_chrsg. von Heinz Ludwig Arnold.
260 _aMünchen :
_bEdition Text + Kritik,
_c1987.
300 _a328 p. ;
_c23 cm.
500 _a"Sonderband aus der Reihe Text + Kritik."
504 _aBibliography: p. 327-328
610 2 0 _aGruppe 47 (Germany)
_922891
650 0 _aGerman literature
_y20th century
_xHistory and criticism.
_922892
653 _aგერმანული ლიტერატურა
700 1 _aArnold, Heinz Ludwig,
_d1940-2011.
_922893
710 2 _aText und Kritik.
_922894
906 _a7
_bcbc
_corignew
_d2
_encip
_f19
_gy-gencatlg
942 _2udc
_cBK